Consultas de Derecho Civil

Detalles Bibliográficos
Formato: eBook
Lenguaje:español
Materias:
Acceso en línea:Acceso restringido

MARC

LEADER 00000nam a22000007a 4500
005 20210520221112.0
007 cr|||| ||||
008 210520s2021 es |||||s|||| 00||0 spa d
035 |a 33645 
040 |a vLex 
090 |c 11749  |d 11749 
245 0 0 |a Consultas de Derecho Civil  |h [Recurso electrn̤ico] / 
256 |a Servicio en ln̕ea 
300 |a 1 recurso electrn̤ico 
506 1 |a Disponible solo en los productos indicados  |d vLex Global  |d vLex Global (Academic Edition, excluding Law Schools)  |d vLex Global (U.S. Academic Edition, Law Schools)  |d vLex Global (U.S. Academic Edition, excluding Law Schools)  |d vLex Global (Academic Edition, Law Schools) 
650 0 4 |a Derecho Civil  |z Espaą 
740 0 |a Prc̀ticos vLex (Servicio en ln̕ea) 
856 4 0 |u https://vlex.com/source/consultas-de-derecho-civil-33645  |z Acceso restringido 
942 |c BOOK 
999 0 |a Civil Law